[Event "POLFINAL MISTRZOSTW POLSKI JUNIOROW 2016 - C13"]
[Site "Centrum Kongresow i Rekreacji Orle Gniazdo ul. Wrzosowa 28a, Szczyrk"]
[Date "1899-12-30"]
[Round "1.1"]
[White "Trybus, Daniel"]
[Black "Strzelecki, Maciej"]
[Result "0-1"]
[WhiteTitle "II+"]
[BlackTitle "I"]
[WhiteElo "1495"]
[BlackElo "1721"]

1. d4 Nf6 2. c4 g6 3. Nc3 Bg7 4. e4 d6 5. f3 O-O 6. Be3 Nbd7 7. Qd2 e5 8. d5 a5
9. Bd3 Nc5 10. Bc2 b6 11. h4 h5 12. Nh3 Nh7 13. Ng5 f6 14. Nxh7 Kxh7 15. O-O-O
f5 16. exf5 Bxf5 17. Rdg1 Qf6 18. g4 Bxc2 19. Qxc2 Qxf3 20. Bxc5 bxc5 21. gxh5
Qxh5 22. Ne4 Kh8 23. Kb1 Rf4 24. Ng3 Qh7 25. Ka1 Raf8 26. Ne4 Qh5 27. a3 Qf5 28.
h5 g5 29. Re1 Bh6 30. Qe2 g4 31. Ng3 Qf6 32. Ne4 Qg7 33. Reg1 Rf3 34. Rh4 g3 35.
Rh3 Qg4 36. Rhxg3 Rxa3+ 37. bxa3 Qxe2 38. Rg6 Rf1+ 39. Rxf1 Qxf1+ 40. Kb2 Qe2+
41. Kb3 Qxe4 42. Rxh6+ Kg7 43. Re6 Qd3+ 44. Kb2 e4 45. Re7+ Kh6 46. Rxc7 e3 47.
Rc6 Qd4+ 48. Kb3 a4+ 49. Kxa4 Qxc4+ 50. Ka5 Qxd5 51. a4 e2 52. Kb6 Qxc6+ 53. Kxc6
e1=Q 54. Kb7 Qa5 55. Kc6 c4 0-1

[Event "POLFINAL MISTRZOSTW POLSKI JUNIOROW 2016 - C13"]
[Site "Centrum Kongresow i Rekreacji Orle Gniazdo ul. Wrzosowa 28a, Szczyrk"]
[Date "1899-12-30"]
[Round "1.2"]
[White "Oborski, Artur"]
[Black "Distel, Pawel"]
[Result "1/2-1/2"]
[WhiteTitle "II+"]
[BlackTitle "II"]
[WhiteElo "1718"]
[BlackElo "1471"]

1. Nf3 Nf6 2. c4 e6 3. b3 d5 4. Bb2 c5 5. e3 b6 6. cxd5 exd5 7. Bb5+ Bd7 8. Be2
Be7 9. O-O O-O 10. Ne5 Nc6 11. f4 Nxe5 12. fxe5 Ne4 13. Nc3 Nxc3 14. Bxc3 Be6
15. d4 Qc7 16. Rc1 Qb7 17. Bd3 Rfd8 18. Qh5 g6 19. Qh6 Bf8 20. Qg5 Qe7 21. Qg3
Bh6 22. Rc2 Qg5 23. Qxg5 Bxg5 24. Kf2 Rac8 25. dxc5 Rxc5 26. Rfc1 Rxc3 27. Rxc3
Bxe3+ 28. Kxe3 d4+ 29. Kd2 dxc3+ 30. Kxc3 Rd5 31. Re1 Kf8 32. Bc4 Rc5 33. Kd4
Ke7 34. Bd3 Rd5+ 35. Ke4 Ra5 36. Re2 Bf5+ 37. Kd4 Bxd3 38. Kxd3 Ke6 39. Rc2 Rd5+
40. Ke3 Rxe5+ 41. Kf3 Rc5 42. Re2+ Kf6 43. Rd2 Rc7 44. Rd6+ Ke7 45. Rd2 Rc1 46.
h3 Ra1 47. Kf4 Kf6 48. Rd6+ Kg7 49. Rd2 Kf6 50. Rd6+ Kg7 51. Rd2 1/2-1/2

[Event "POLFINAL MISTRZOSTW POLSKI JUNIOROW 2016 - C13"]
[Site "Centrum Kongresow i Rekreacji Orle Gniazdo ul. Wrzosowa 28a, Szczyrk"]
[Date "1899-12-30"]
[Round "1.3"]
[White "Panek, Bartosz"]
[Black "Kulesza, Andrzej"]
[Result "0-1"]
[WhiteTitle "II+"]
[BlackTitle "I"]
[WhiteElo "1460"]
[BlackElo "1667"]

1. d4 Nf6 2. Nc3 d6 3. e4 g6 4. Bg5 Bg7 5. e5 Ng8 6. Nf3 Nd7 7. exd6 cxd6 8. Bb5
a6 9. Ba4 Ngf6 10. O-O O-O 11. Re1 b5 12. Bb3 Bb7 13. a3 Re8 14. d5 Nc5 15. Ba2
Rc8 16. Qd2 Ncd7 17. Rad1 Nb6 18. Bh6 Nc4 19. Bxc4 Rxc4 20. Bxg7 Kxg7 21. Qg5
h6 22. Qe3 Rc5 23. b4 Rc8 24. Rd3 Qc7 25. Rc1 Rb8 26. Nd2 e5 27. Nde4 Nxe4 28.
Qxe4 f5 29. Qh4 Qe7 30. Qxe7+ Rxe7 31. f3 Rc7 32. Ne2 Rbc8 33. c3 Re7 34. Ng3
Rc4 35. Rcd1 Bc8 36. Kf2 f4 37. Ne4 Bf5 38. Nxd6 Bxd3 39. Rxd3 Rcc7 40. Ne4 Red7
41. Nc5 Ra7 42. Nxd7 Rxd7 43. g4 Kf6 44. h3 Ke7 45. Ke2 Kd6 46. Kd2 Re7 47. Ke2
g5 48. Kf2 e4 49. fxe4 Rxe4 50. Kf3 Re5 51. Rd4 Re3+ 52. Kg2 Rxc3 53. Rd2 Rxa3
54. Rd4 a5 55. bxa5 Rxa5 56. Kf3 Ra3+ 57. Kg2 Ra4 58. Rd2 b4 59. Kf3 Ra3+ 60.
Ke4 Rxh3 61. Rb2 b3 62. Kd4 f3 63. Rxb3 f2 64. Rb6+ Kc7 65. Rc6+ Kd7 66. Rc1 Rf3
67. Rf1 Kd6 68. Ke4 Rf4+ 69. Ke3 Kxd5 70. Rxf2 Rxf2 71. Kxf2 Ke4 72. Kg3 Kd3 0-1

[Event "POLFINAL MISTRZOSTW POLSKI JUNIOROW 2016 - C13"]
[Site "Centrum Kongresow i Rekreacji Orle Gniazdo ul. Wrzosowa 28a, Szczyrk"]
[Date "1899-12-30"]
[Round "1.4"]
[White "Grochol, Kamil"]
[Black "Markiewicz, Krzysztof"]
[Result "1-0"]
[WhiteTitle "II+"]
[BlackTitle "II"]
[WhiteElo "1655"]
[BlackElo "1430"]

1. e4 c5 2. Nf3 d6 3. d4 cxd4 4. Nxd4 Nf6 5. Nc3 g6 6. Be3 Bg7 7. Bc4 O-O 8. f3
a6 9. Qd2 Nbd7 10. O-O-O Ne5 11. Bb3 Qc7 12. Nd5 Nxd5 13. Bxd5 Bd7 14. Bh6 Nc4
15. Bxc4 Qxc4 16. Bxg7 Kxg7 17. Kb1 Rfc8 18. Qd3 b5 19. Qxc4 Rxc4 20. b3 Rc5 21.
Kb2 Rac8 22. Rc1 e5 23. Ne2 d5 24. exd5 Rxd5 25. Rhd1 Rxd1 26. Rxd1 Bf5 27. Rd2
Rc6 28. c3 e4 29. Nd4 Rf6 30. a3 exf3 31. Nxf3 Be4 32. Nd4 Rf1 33. c4 bxc4 34.
bxc4 Rg1 35. g3 Rb1+ 36. Kc3 a5 37. Nb3 a4 38. Nc5 Bc6 39. Rb2 Rxb2 40. Kxb2 f5
41. Kc3 g5 1-0

[Event "POLFINAL MISTRZOSTW POLSKI JUNIOROW 2016 - C13"]
[Site "Centrum Kongresow i Rekreacji Orle Gniazdo ul. Wrzosowa 28a, Szczyrk"]
[Date "1899-12-30"]
[Round "1.5"]
[White "Bien, Hubert"]
[Black "Wolaniecki, Patryk"]
[Result "0-1"]
[WhiteTitle "II"]
[BlackTitle "I"]
[WhiteElo "1408"]
[BlackElo "1653"]

1. d4 Nf6 2. c4 e6 3. Nc3 Bb4 4. e3 c5 5. a3 Bxc3+ 6. bxc3 Nc6 7. Bd3 O-O 8. Ne2
b6 9. O-O Ba6 10. Ng3 Na5 11. Qe2 Rc8 12. d5 Ne8 13. e4 Nd6 14. e5 Ndxc4 15. Qh5
g6 16. Qh6 f5 17. Bg5 Qe8 18. Bf6 Qf7 19. Rfd1 Bb7 20. Bxc4 Nxc4 21. d6 Rc6 22.
Be7 Nxe5 23. Qxf8+ Qxf8 24. Bxf8 Kxf8 25. Rab1 Nc4 26. a4 Nxd6 27. Ne2 Ke7 28.
Kf1 Nc4 29. g3 Rc8 30. Nf4 g5 31. Ng2 Bf3 0-1

[Event "POLFINAL MISTRZOSTW POLSKI JUNIOROW 2016 - C13"]
[Site "Centrum Kongresow i Rekreacji Orle Gniazdo ul. Wrzosowa 28a, Szczyrk"]
[Date "1899-12-30"]
[Round "1.6"]
[White "Kosior, Jan"]
[Black "Jaszczuk, Mateusz"]
[Result "1/2-1/2"]
[WhiteTitle "II"]
[BlackTitle "II"]
[WhiteElo "1609"]
[BlackElo "1382"]

1. e4 c5 2. Nf3 Nc6 3. c3 g6 4. d4 cxd4 5. cxd4 Bg7 6. e5 d6 7. exd6 Qxd6 8. Be3
e6 9. Nc3 a6 10. Be2 Nge7 11. Qd2 Nf5 12. Rd1 O-O 13. O-O e5 14. dxe5 Qxd2 15.
Bxd2 Nxe5 16. Nxe5 Bxe5 17. Bf3 Nd4 18. Be4 Rb8 19. Be3 Nc6 20. Rfe1 Be6 21. a3
Na5 22. Ba7 Ra8 23. Bb6 Nc4 24. Na4 Nxb2 25. Nxb2 Bxb2 26. Bc5 Bc3 27. Re3 Rfd8
28. Red3 Bf6 29. Bxb7 Rxd3 30. Rxd3 Rb8 31. Bf3 Bc4 32. Rd1 Rb3 33. Re1 h5 34.
h3 Be6 35. Be2 a5 36. a4 Bd7 37. Bd1 Rd3 38. Bb6 Bc3 39. Rf1 Bb4 40. Be2 Rd5 41.
Bc5 1/2-1/2

[Event "POLFINAL MISTRZOSTW POLSKI JUNIOROW 2016 - C13"]
[Site "Centrum Kongresow i Rekreacji Orle Gniazdo ul. Wrzosowa 28a, Szczyrk"]
[Date "1899-12-30"]
[Round "1.7"]
[White "Wangrat, Jan"]
[Black "Musiala, Jakub"]
[Result "1/2-1/2"]
[WhiteTitle "II"]
[BlackTitle "II+"]
[WhiteElo "1373"]
[BlackElo "1590"]

1. e4 d6 2. d4 Nf6 3. Nc3 e5 4. Nf3 Nbd7 5. Bc4 Be7 6. Ng5 O-O 7. Bxf7+ Rxf7 8.
Ne6 Qe8 9. Nxc7 Qd8 10. Nxa8 b5 11. dxe5 Nxe5 12. Nd5 Nxe4 13. O-O Bh4 14. f4
Bf2+ 15. Rxf2 Nxf2 16. Kxf2 Ng4+ 17. Kg1 Bb7 18. Qxg4 Bxd5 19. Be3 Qxa8 20. Rd1
Qc6 21. Qg5 Be4 22. Qd8+ Rf8 23. Qxd6 Qxc2 24. Qe6+ Kh8 25. Qg4 Bf5 26. Qf3 Be4
27. Qg4 Bf5 28. Qf3 Be4 29. Qg4 Bf5 30. Qf3 1/2-1/2

[Event "POLFINAL MISTRZOSTW POLSKI JUNIOROW 2016 - C13"]
[Site "Centrum Kongresow i Rekreacji Orle Gniazdo ul. Wrzosowa 28a, Szczyrk"]
[Date "1899-12-30"]
[Round "1.8"]
[White "Skowron, Mateusz"]
[Black "Kania, Dominik"]
[Result "1-0"]
[WhiteTitle "I"]
[BlackTitle "II"]
[WhiteElo "1565"]
[BlackElo "1373"]

1. e4 c6 2. Nf3 d5 3. exd5 cxd5 4. Ne5 Nc6 5. d4 Bf5 6. c3 e6 7. Bd3 Bxd3 8. Nxd3
Bd6 9. Bf4 Bxf4 10. Nxf4 Nf6 11. Nd2 O-O 12. O-O Rc8 13. Re1 Qd6 14. Nd3 b6 15.
Re3 Ne7 16. Ne5 Nf5 17. Rh3 Nd7 18. Ndf3 f6 19. Nxd7 Qxd7 20. Qd3 g5 21. g4 Nd6
22. Nd2 Rf7 23. Rg3 Rcf8 24. f3 Nc8 25. Rf1 Ne7 26. f4 Ng6 27. fxg5 fxg5 28. Qe3
Rxf1+ 29. Nxf1 Qf7 30. Nd2 Nf4 31. Rf3 Qg6 32. Rf1 h5 33. gxh5 Qxh5 34. Kh1 Rf6
35. Rg1 Kh7 36. Nf3 Rf5 37. Nxg5+ Rxg5 38. Qxf4 Rxg1+ 39. Kxg1 Qd1+ 40. Kg2 Qc2+
41. Kg3 Qg6+ 42. Kh3 Qd3+ 43. Qg3 Qf1+ 44. Kh4 Qf6+ 45. Kh3 Qf1+ 46. Qg2 Qf5+
47. Kg3 Qd3+ 48. Qf3 Qg6+ 49. Qg4 Qd3+ 50. Kh4 Qf1 51. Qh5+ Kg7 52. Qe5+ Kf7 53.
Qc7+ Kf6 54. Qg3 Qb1 55. Qg5+ Kf7 56. Qh5+ Ke7 57. Qg5+ Kf7 58. Qf4+ Kg6 59. Qg3+
Kf6 60. Qg5+ Kf7 61. Qh5+ Kg7 62. Qe5+ Kf7 63. Qc7+ Kf6 64. Qf4+ Kg6 65. Qg3+
Kf6 66. Qf2+ Kg6 67. a3 Qe4+ 68. Kh3 Kh5 69. Qf7+ Kg5 70. Qg7+ Kh5 71. Qh8+ Kg6
72. Qh4 Qc2 73. Qg3+ Kh5 74. Qg4+ Kh6 75. Qxe6+ Kg5 76. Qxd5+ Kf4 77. Qf7+ Ke3
78. Qe6+ Kd2 79. Qh6+ Kd1 80. Qh5+ Kc1 81. Qg5+ Kxb2 82. Qg2 Kxc3 83. Qxc2+ Kxc2
84. d5 b5 85. d6 1-0

[Event "POLFINAL MISTRZOSTW POLSKI JUNIOROW 2016 - C13"]
[Site "Centrum Kongresow i Rekreacji Orle Gniazdo ul. Wrzosowa 28a, Szczyrk"]
[Date "1899-12-30"]
[Round "1.9"]
[White "Czarnomski, Dominik"]
[Black "Zabron, Maksym"]
[Result "0-1"]
[WhiteTitle "II"]
[BlackTitle "II+"]
[WhiteElo "1357"]
[BlackElo "1532"]

1. e4 d6 2. d4 Nf6 3. Nc3 g6 4. Be2 Bg7 5. Be3 a6 6. Bf3 Nbd7 7. Qd2 e5 8. d5 Qe7
9. a4 O-O 10. Rd1 Ne8 11. h4 f5 12. Bh6 f4 13. Bxg7 Qxg7 14. Bg4 Ndf6 15. Bxc8
Rxc8 16. Nf3 h6 17. Na2 Nxe4 18. Qb4 Nc5 19. Nd2 Nf6 20. Nc3 e4 21. Nc4 Rce8 22.
Na5 e3 23. f3 Nh5 24. Nb3 Nxb3 25. Qxb3 g5 26. hxg5 Qxg5 27. Ne2 Ng3 28. Rh2 Nxe2
29. Kxe2 Qg3 30. Rxh6 Qxg2+ 31. Kd3 e2 32. Qc3 Re3+ 33. Kd4 exd1=Q+ 0-1

[Event "POLFINAL MISTRZOSTW POLSKI JUNIOROW 2016 - C13"]
[Site "Centrum Kongresow i Rekreacji Orle Gniazdo ul. Wrzosowa 28a, Szczyrk"]
[Date "1899-12-30"]
[Round "1.10"]
[White "Kujawa, Krzysztof"]
[Black "Kalkowski, Igor"]
[Result "1-0"]
[WhiteTitle "II"]
[BlackTitle "II"]
[WhiteElo "1520"]
[BlackElo "1348"]

1. e4 g6 2. d4 Bg7 3. Nf3 c5 4. c3 cxd4 5. cxd4 d5 6. exd5 Qxd5 7. Nc3 Qa5 8. Bc4
Nc6 9. h3 Nf6 10. O-O O-O 11. Re1 Qd8 12. a3 a6 13. Be3 b5 14. Ba2 Bb7 15. Qd2
Qd6 16. Bf4 Qd7 17. Rad1 Rad8 18. Bh6 Qd6 19. Bxg7 Kxg7 20. d5 Nb8 21. Ne4 Nxe4
22. Rxe4 Rfe8 23. Rh4 h5 24. Ng5 Nd7 25. Rf4 Nf6 26. Qd4 Rc8 27. Rf3 Qc5 28. Qe5
Qc2 29. Re1 Qc7 30. Qxc7 Rxc7 31. d6 exd6 32. Rxe8 Bxf3 33. Rd8 Bd5 34. Bxd5 Nxd5
35. Rxd6 Rc1+ 36. Kh2 f6 37. Ne6+ Kf7 38. Nd8+ Ke7 39. Rxd5 Rc7 40. Kg3 f5 41.
Kh4 Rc2 42. Nb7 Rxf2 43. g3 Rxb2 44. Rd6 b4 45. a4 Ra2 46. Rxa6 b3 47. Nc5 b2
48. Rb6 Kf7 49. Kg5 Ra3 50. Kf4 g5+ 51. Kxf5 Rxg3 52. Rxb2 Rxh3 53. Rb7+ Ke8 54.
Kf6 g4 55. Rb8# 1-0

[Event "POLFINAL MISTRZOSTW POLSKI JUNIOROW 2016 - C13"]
[Site "Centrum Kongresow i Rekreacji Orle Gniazdo ul. Wrzosowa 28a, Szczyrk"]
[Date "1899-12-30"]
[Round "1.11"]
[White "Smolen, Sebastian"]
[Black "Bartoszewski-reiski, Olaf"]
[Result "1/2-1/2"]
[WhiteTitle "II"]
[BlackTitle "II"]
[WhiteElo "1292"]
[BlackElo "1512"]

1. e4 c5 2. Bc4 e6 3. Nc3 Nf6 4. e5 d5 5. exf6 dxc4 6. fxg7 Bxg7 7. Nf3 Nc6 8.
O-O O-O 9. Qe2 Nd4 10. Nxd4 cxd4 11. Ne4 d3 12. cxd3 cxd3 13. Qf3 Qd4 14. Re1
f5 15. Ng5 e5 16. Qh5 h6 17. Nf3 Qd5 18. Nh4 Qf7 19. Qf3 e4 20. Qg3 Be6 21. a3
Kh7 22. f3 Bd4+ 23. Kh1 Rg8 24. Qf4 Bf2 25. Rf1 Bxh4 26. Qxh4 Qg6 27. Qf2 1/2-1/2

[Event "POLFINAL MISTRZOSTW POLSKI JUNIOROW 2016 - C13"]
[Site "Centrum Kongresow i Rekreacji Orle Gniazdo ul. Wrzosowa 28a, Szczyrk"]
[Date "1899-12-30"]
[Round "2.1"]
[White "Strzelecki, Maciej"]
[Black "Skowron, Mateusz"]
[Result "1-0"]
[WhiteTitle "I"]
[BlackTitle "I"]
[WhiteElo "1721"]
[BlackElo "1565"]

1. e4 c6 2. d4 d5 3. Nc3 dxe4 4. Nxe4 Bf5 5. Ng3 Bg6 6. N1e2 e6 7. Nf4 Bd6 8. Ngh5
Kf8 9. Qf3 Nf6 10. Nxf6 Qxf6 11. Nxg6+ hxg6 12. Qb3 Qe7 13. Be3 Qc7 14. g3 Nd7
15. O-O-O b5 16. Bd2 a5 17. Qf3 Nb6 18. Bd3 Ke7 19. Bg5+ f6 20. Bd2 Kf7 21. Rde1
Qd7 22. h4 Nd5 23. h5 g5 24. Bxg5 Nb4 25. Bg6+ Kg8 26. h6 fxg5 27. h7+ Rxh7 28.
Bxh7+ Kh8 29. Bf5+ Kg8 30. Bxe6+ 1-0

[Event "POLFINAL MISTRZOSTW POLSKI JUNIOROW 2016 - C13"]
[Site "Centrum Kongresow i Rekreacji Orle Gniazdo ul. Wrzosowa 28a, Szczyrk"]
[Date "1899-12-30"]
[Round "2.2"]
[White "Kulesza, Andrzej"]
[Black "Kujawa, Krzysztof"]
[Result "1-0"]
[WhiteTitle "I"]
[BlackTitle "II"]
[WhiteElo "1667"]
[BlackElo "1520"]

1. e4 c6 2. d4 d5 3. exd5 cxd5 4. Bd3 Nc6 5. c3 Qc7 6. Nf3 Bg4 7. Nbd2 e6 8. h3
Bh5 9. O-O Bd6 10. Be2 Nf6 11. Re1 Bg6 12. Nf1 O-O 13. Nh4 Rab8 14. Nxg6 hxg6
15. Bd3 b5 16. Bd2 b4 17. Rc1 Qe7 18. b3 bxc3 19. Bxc3 Nb4 20. Bb1 Rfc8 21. Qf3
Rc7 22. Bb2 Rbc8 23. Rxc7 Rxc7 24. Ne3 Qd7 25. Ng4 Nxg4 26. Qxg4 Nc2 27. Re2 Na3
28. Bd3 Nb5 29. Bxb5 Qxb5 30. Qf3 Qa5 31. a4 Rc2 32. g3 Rxe2 33. Qxe2 Qb4 34.
Qe3 Qb6 35. Kg2 Qb4 36. Qc3 Qxc3 37. Bxc3 Kf8 38. Kf3 Ke7 39. Ke3 Kd7 40. Kd3
Kc6 41. Ba5 Be7 42. Kc3 a6 43. Bb4 Bxb4+ 44. Kxb4 Kb6 45. f4 f6 46. h4 f5 47.
Ka3 Kc6 48. b4 Kb6 49. Kb3 Kc6 50. Kc3 Kb6 51. Kd3 Kb7 52. Ke3 Kb6 53. Kf3 Kc6
54. Kg2 Kb6 55. h5 gxh5 56. Kh3 e5 57. fxe5 g5 58. Kg2 Kc6 59. a5 Kc7 60. e6 Kc6
61. b5+ axb5 62. e7 Kd7 63. a6 1-0

[Event "POLFINAL MISTRZOSTW POLSKI JUNIOROW 2016 - C13"]
[Site "Centrum Kongresow i Rekreacji Orle Gniazdo ul. Wrzosowa 28a, Szczyrk"]
[Date "1899-12-30"]
[Round "2.3"]
[White "Zabron, Maksym"]
[Black "Grochol, Kamil"]
[Result "1/2-1/2"]
[WhiteTitle "II+"]
[BlackTitle "II+"]
[WhiteElo "1532"]
[BlackElo "1655"]

1. d4 d5 2. c4 e6 3. Nc3 Nf6 4. Bg5 Nbd7 5. e3 Be7 6. Nf3 c6 7. Rc1 O-O 8. Bd3
dxc4 9. Bxc4 b5 10. Bd3 a6 11. O-O c5 12. a4 b4 13. Ne4 cxd4 14. Nxd4 Bb7 15.
Ng3 Rc8 16. Qe2 Qa5 17. Bxf6 Bxf6 18. b3 Bxd4 19. exd4 Nf6 20. f3 Qb6 21. Qf2
Rfd8 22. Ne2 Qd6 23. Bc4 Nd5 24. Rfd1 a5 25. Rd2 h6 26. Rdc2 Qb6 27. Rd1 Ba6 28.
Rdc1 Bb7 29. Rd1 Qd6 30. Rdc1 Nf4 31. Rd1 Nxe2+ 32. Qxe2 Bd5 33. Rcd2 Qd7 34.
Rc2 Bxc4 35. Rxc4 Rxc4 36. Qxc4 Qd5 37. Qxd5 Rxd5 38. Kf2 e5 39. Ke3 Rd7 40. d5
f5 41. d6 Kf7 42. Rd5 Ke6 43. Rxa5 Rxd6 44. Rb5 f4+ 45. Ke2 Rc6 46. Kd2 Rd6+ 47.
Ke2 Rc6 48. Kd2 Rd6+ 49. Ke2 Rc6 50. Rxb4 Rd6 1/2-1/2

[Event "POLFINAL MISTRZOSTW POLSKI JUNIOROW 2016 - C13"]
[Site "Centrum Kongresow i Rekreacji Orle Gniazdo ul. Wrzosowa 28a, Szczyrk"]
[Date "1899-12-30"]
[Round "2.4"]
[White "Wolaniecki, Patryk"]
[Black "Olsztynski, Jan"]
[Result "1-0"]
[WhiteTitle "I"]
[BlackTitle "III"]
[WhiteElo "1653"]
[BlackElo "1122"]

1. e4 c5 2. Nf3 Nc6 3. d4 cxd4 4. Nxd4 d6 5. Nc3 g6 6. Be2 Bg7 7. Be3 Nf6 8. O-O
Bd7 9. f4 Qb6 10. Qd3 O-O 11. Ne6 Nb4 12. Bxb6 Nxd3 13. Nxf8 axb6 14. Nxd7 Nxd7
15. Bxd3 Bd4+ 16. Kh1 Nf6 17. Ne2 Bc5 18. h3 Ra4 19. a3 Nxe4 20. b3 Nf2+ 21. Rxf2
Rxa3 22. Rxa3 Bxa3 23. f5 Bc5 24. Rf1 Kg7 25. fxg6 hxg6 26. Bc4 f6 27. Nf4 Kh6
28. Ne6 Bb4 29. Bd3 g5 30. h4 Kh5 31. hxg5 fxg5 32. Bf5 g4 33. g3 Bc5 34. Kg2
Bg1 35. Rxg1 b5 36. Rh1# 1-0

[Event "POLFINAL MISTRZOSTW POLSKI JUNIOROW 2016 - C13"]
[Site "Centrum Kongresow i Rekreacji Orle Gniazdo ul. Wrzosowa 28a, Szczyrk"]
[Date "1899-12-30"]
[Round "2.5"]
[White "Jaszczuk, Mateusz"]
[Black "Oborski, Artur"]
[Result "0-1"]
[WhiteTitle "II"]
[BlackTitle "II+"]
[WhiteElo "1382"]
[BlackElo "1718"]

1. c4 f5 2. Nc3 Nf6 3. g3 g6 4. Bg2 Bg7 5. d4 O-O 6. e3 d6 7. Nge2 c6 8. O-O Qc7
9. Bd2 e5 10. d5 e4 11. Rc1 Nbd7 12. Nf4 Ne5 13. Na4 Qf7 14. c5 Nxd5 15. cxd6
Nxf4 16. exf4 Nd3 17. Rc2 Qxa2 18. Nc5 Nxc5 19. Rxc5 Qxb2 20. Bc1 Qd4 21. Qxd4
Bxd4 22. Rc4 c5 23. Be3 Bxe3 24. fxe3 b6 25. Rd1 Be6 26. Rcc1 Rfd8 27. Bf1 a6
28. Kf2 Kf8 29. Bc4 Bxc4 30. Rxc4 Ke8 31. Ke2 Kd7 32. Rc2 Kc6 33. Rcd2 Rd7 34.
Rd5 Rad8 0-1

[Event "POLFINAL MISTRZOSTW POLSKI JUNIOROW 2016 - C13"]
[Site "Centrum Kongresow i Rekreacji Orle Gniazdo ul. Wrzosowa 28a, Szczyrk"]
[Date "1899-12-30"]
[Round "2.7"]
[White "Musiala, Jakub"]
[Black "Smolen, Sebastian"]
[Result "1-0"]
[WhiteTitle "II+"]
[BlackTitle "II"]
[WhiteElo "1590"]
[BlackElo "1292"]

1. e4 e6 2. d4 d5 3. exd5 Qxd5 4. Nf3 Nc6 5. c4 Qd8 6. Be2 Nf6 7. O-O Be7 8. Nc3
O-O 9. Bg5 h6 10. Bh4 Nd7 11. Bxe7 Qxe7 12. Re1 Nf6 13. d5 Rd8 14. Qb3 Na5 15.
Qa4 b6 16. Rad1 Bd7 17. Qc2 Qc5 18. b3 exd5 19. Nxd5 Nxd5 20. Rxd5 Qf8 21. Ne5
Be6 22. Rxd8 Rxd8 23. Bf3 Qb4 24. Rd1 Rd6 25. h3 Rxd1+ 26. Qxd1 Qd6 27. Qxd6 cxd6
28. Nd3 Bf5 29. Nb4 Kf8 30. Kf1 Ke7 31. Ke2 Kf6 32. Ke3 Ke5 33. g4 Be6 34. Be4
g5 35. Nd3+ Kf6 36. f4 gxf4+ 37. Kxf4 Ke7 38. Nb4 Kd7 39. h4 Ke7 40. Nd5+ Kf8
41. Nc7 Bc8 42. Nb5 a6 43. Nxd6 Bd7 44. Nf5 Bxf5 45. Kxf5 Ke7 46. Bd5 b5 47. c5
f6 48. Kg6 b4 49. h5 f5 50. gxf5 1-0

[Event "POLFINAL MISTRZOSTW POLSKI JUNIOROW 2016 - C13"]
[Site "Centrum Kongresow i Rekreacji Orle Gniazdo ul. Wrzosowa 28a, Szczyrk"]
[Date "1899-12-30"]
[Round "2.8"]
[White "Bartoszewski-reiski, Olaf"]
[Black "Wangrat, Jan"]
[Result "1/2-1/2"]
[WhiteTitle "II"]
[BlackTitle "II"]
[WhiteElo "1512"]
[BlackElo "1373"]

1. e4 c5 2. Nf3 Nc6 3. d4 cxd4 4. Nxd4 g6 5. Be3 Bg7 6. Nc3 Nf6 7. Bc4 O-O 8. Bb3
d6 9. h3 Bd7 10. O-O Nxd4 11. Bxd4 b5 12. Qd3 a6 13. Nd5 Nxd5 14. Bxd5 Rc8 15.
Bxg7 Kxg7 16. c3 Qb6 17. Rad1 Rc7 18. Qd4+ Qxd4 19. Rxd4 Rfc8 20. Rfd1 Bc6 21.
f3 Bxd5 22. Rxd5 Kf6 23. Kf2 Rc4 24. R5d4 b4 25. Rxc4 Rxc4 26. Rd4 Rxd4 27. cxd4
Ke6 28. Ke3 d5 29. Kd3 dxe4+ 30. fxe4 f5 31. exf5+ Kxf5 32. Ke3 h5 33. Kf3 h4
34. Ke3 g5 35. Kf3 a5 36. g4+ hxg3 37. Kxg3 Ke4 38. Kg4 Kxd4 39. Kxg5 e5 40. h4
e4 41. h5 1/2-1/2

[Event "POLFINAL MISTRZOSTW POLSKI JUNIOROW 2016 - C13"]
[Site "Centrum Kongresow i Rekreacji Orle Gniazdo ul. Wrzosowa 28a, Szczyrk"]
[Date "1899-12-30"]
[Round "2.9"]
[White "Kania, Dominik"]
[Black "Trybus, Daniel"]
[Result "0-1"]
[WhiteTitle "II"]
[BlackTitle "II+"]
[WhiteElo "1373"]
[BlackElo "1495"]

1. b3 d5 2. Nf3 c5 3. Bb2 Nc6 4. e3 Bg4 5. Be2 Qc7 6. d3 e5 7. Nbd2 f6 8. O-O Bd6
9. h3 Be6 10. c4 dxc4 11. Nxc4 Bxc4 12. dxc4 O-O-O 13. Qc2 Nge7 14. Rad1 Nb4 15.
Qe4 f5 16. Qh4 h6 17. Qg3 e4 18. Ne5 Nec6 19. Rxd6 Rxd6 20. Nf7 Qxf7 21. Qxd6
Rd8 22. Qxc5 Rd2 23. Bc3 Na6 24. Qxf5+ Qxf5 25. Bg4 Qxg4 26. hxg4 Rxa2 27. Bxg7
Nc5 28. Bxh6 Nxb3 29. g5 Nd2 30. Rd1 Ne5 31. Bg7 Ndxc4 32. Rd5 Nd7 33. g6 Ra6
34. Rd4 b5 35. Rxe4 Rxg6 36. Bd4 a5 37. f4 a4 38. f5 Ra6 39. g4 Nf6 40. Rf4 Nd5
41. Re4 Ncxe3 42. Bxe3 Nxe3 43. Rxe3 a3 44. Re1 a2 45. Rc1+ Kd7 46. Ra1 b4 47.
f6 Ke6 48. g5 b3 49. Re1+ Kf7 50. Re7+ Kf8 0-1

[Event "POLFINAL MISTRZOSTW POLSKI JUNIOROW 2016 - C13"]
[Site "Centrum Kongresow i Rekreacji Orle Gniazdo ul. Wrzosowa 28a, Szczyrk"]
[Date "1899-12-30"]
[Round "2.10"]
[White "Kalkowski, Igor"]
[Black "Panek, Bartosz"]
[Result "0-1"]
[WhiteTitle "II"]
[BlackTitle "II+"]
[WhiteElo "1348"]
[BlackElo "1460"]

1. e4 e6 2. d4 b6 3. f4 Bb7 4. Nc3 Bb4 5. Bd3 Nf6 6. Qe2 d5 7. e5 Ne4 8. Bxe4 dxe4
9. Be3 Qd7 10. Qg4 Bxc3+ 11. bxc3 g6 12. Qd1 Qb5 13. Ne2 Ba6 14. O-O Qxe2 15.
Qxe2 Bxe2 16. Rfe1 Ba6 17. Bf2 Bb7 18. Rad1 Bd5 19. a3 Nd7 20. c4 Bxc4 21. Rxe4
f6 22. Re3 Rc8 23. Bh4 Kf7 24. Rde1 fxe5 25. fxe5 Kg7 26. Rc1 Rhf8 27. Rf3 b5
0-1

[Event "POLFINAL MISTRZOSTW POLSKI JUNIOROW 2016 - C13"]
[Site "Centrum Kongresow i Rekreacji Orle Gniazdo ul. Wrzosowa 28a, Szczyrk"]
[Date "1899-12-30"]
[Round "2.11"]
[White "Markiewicz, Krzysztof"]
[Black "Bien, Hubert"]
[Result "1/2-1/2"]
[WhiteTitle "II"]
[BlackTitle "II"]
[WhiteElo "1430"]
[BlackElo "1408"]

1. e4 e6 2. Nf3 d5 3. Nc3 Nf6 4. e5 Nfd7 5. d4 c5 6. dxc5 Bxc5 7. Bd3 Nc6 8. Qe2
a6 9. O-O Nd4 10. Nxd4 Bxd4 11. Bf4 Qc7 12. Rfe1 Bxc3 13. bxc3 Nf8 14. c4 dxc4
15. Bxc4 Ng6 16. Bg3 b5 17. Bd3 Bb7 18. f4 O-O 19. f5 exf5 20. Bxf5 Qc5+ 21. Kh1
Rfe8 22. Bxg6 hxg6 23. Rad1 Rad8 24. Rd2 Bd5 25. Bf2 Qc6 26. Bd4 Bxa2 27. c3 Bc4
28. Qg4 Qe6 29. Qxe6 Rxe6 30. Ra1 Ra8 31. Ra5 Kf8 32. Kg1 Ke8 33. Kf2 Rc6 34.
Rd1 Ke7 35. Ke3 Ke6 36. g4 Bb3 37. Rda1 Bc4 38. Rd1 Bb3 39. Rda1 Bc4 40. Rd1 Bb3
1/2-1/2

[Event "POLFINAL MISTRZOSTW POLSKI JUNIOROW 2016 - C13"]
[Site "Centrum Kongresow i Rekreacji Orle Gniazdo ul. Wrzosowa 28a, Szczyrk"]
[Date "1899-12-30"]
[Round "3.1"]
[White "Kulesza, Andrzej"]
[Black "Strzelecki, Maciej"]
[Result "1/2-1/2"]
[WhiteTitle "I"]
[BlackTitle "I"]
[WhiteElo "1667"]
[BlackElo "1721"]

1. e4 c5 2. Nf3 d6 3. d4 cxd4 4. Nxd4 Nf6 5. Nc3 a6 6. Bg5 e6 7. f4 Be7 8. Qf3
h6 9. Bh4 Qc7 10. O-O-O Nbd7 11. Be2 g5 12. fxg5 Ne5 13. Qf2 Nfg4 14. Bxg4 Nxg4
15. Qe2 hxg5 16. Bg3 Ne5 17. Bxe5 dxe5 18. Nb3 Bd7 19. g4 O-O-O 20. Qf2 Rh7 21.
Rd3 Kb8 22. Rhd1 Bc6 23. Rxd8+ Bxd8 24. Nd2 f6 25. Nf3 Rd7 26. Rd2 Be7 27. Rxd7
Qxd7 28. Qd2 Bb4 29. Qxd7 Bxd7 30. Kd2 Bc6 31. Kd3 Bxc3 32. bxc3 Kc7 33. Nd2 Kd6
34. c4 Be8 35. Kc3 Bg6 36. Kb4 b6 37. Kc3 f5 38. Nf3 fxg4 39. Nd2 Be8 40. Kd3
Ke7 41. Ke3 Kf6 42. Kf2 Kg6 43. Kg3 Kh5 44. Nf1 Bc6 45. Ne3 Bxe4 46. Nxg4 Bxc2
47. Nxe5 b5 48. cxb5 axb5 49. Nf3 Bd3 50. a3 Bc4 1/2-1/2

[Event "POLFINAL MISTRZOSTW POLSKI JUNIOROW 2016 - C13"]
[Site "Centrum Kongresow i Rekreacji Orle Gniazdo ul. Wrzosowa 28a, Szczyrk"]
[Date "1899-12-30"]
[Round "3.2"]
[White "Oborski, Artur"]
[Black "Wolaniecki, Patryk"]
[Result "1-0"]
[WhiteTitle "II+"]
[BlackTitle "I"]
[WhiteElo "1718"]
[BlackElo "1653"]

1. Nf3 Nf6 2. c4 e6 3. d4 b6 4. g3 Bb7 5. Bg2 Be7 6. O-O O-O 7. Nc3 d5 8. cxd5
Nxd5 9. Ne5 Nxc3 10. bxc3 Bxg2 11. Kxg2 c5 12. e4 Bf6 13. Nf3 Nc6 14. Be3 cxd4
15. cxd4 Rc8 16. Rc1 Qd7 17. Qa4 Ne5 18. Qxd7 Nxd7 19. Rxc8 Rxc8 20. Rc1 Rxc1
21. Bxc1 g6 22. Kf1 Bg7 23. Ke2 f5 24. exf5 exf5 25. Kd3 Kf8 26. Kc4 a6 27. Kd5
Ke8 28. Kc6 a5 29. Be3 Bf6 30. d5 Bd8 31. Nd2 Ne5+ 32. Kb5 Kd7 33. Bd4 Kd6 34.
Bxb6 Kxd5 1-0